000
00491nam a2200145Ia 4500
008
100204s9999 xx 000 0 und d
082
_b
6669
100
_a
आपटे हरि नारायण
245
_a
म्हैसूरचा वाघ
260
_b
"रम्यकथा प्रकाशन , पुणे"
_c
1972 4
300
_a
205
630
_a
म्हैसूरचा वाघ
730
_a
म्हैसूरचा वाघ
942
_c
BOOK
999
_c
451107
_d
451104